| 000 | 01176nam a22002657a 4500 | ||
|---|---|---|---|
| 005 | 20080707165647.0 | ||
| 006 | a|||||r|||||00| f | ||
| 008 | 080707t xxu||||| |||| 00| 0 hin d | ||
| 010 | _aHIN-83764 | ||
| 020 |
_c250.00 _a8186400842 |
||
| 035 | _aHN-56110 | ||
| 037 | _bDBAD / PUB | ||
| 040 |
_aDPL _bHN |
||
| 082 | _a420 | ||
| 100 | _aवत्स, जितेंद्र | ||
| 245 |
_aहिंदी-भाषा विविध आयाम / _cजितेंद्र वत्स |
||
| 246 |
_aHindi-bhasha vivid aayam _bby Jitendra Vats |
||
| 260 |
_aदिल्ली _bनिर्मल पब्लिकेशन्स _c2005 |
||
| 270 |
_aए-139, गली नं.3, कबीर नगर, शाहदरा _bदिल्ली _e110094 |
||
| 300 |
_a182पृ _c22सेमी(सजिल्द) |
||
| 650 | _a हिंदी-भाषा | ||
| 650 | _aHindi-Language | ||
| 942 |
_2ddc _cHN _h420 _mवत्सजि |
||
| 999 |
_c14278 _d14278 |
||